Statistics for Cities by Former Name

Click here to take the quiz!

General Stats

  • This quiz has been taken 63,376 times
  • The average score is 11 of 20

Answer Stats

Old NameCurrent Name% Correct
ConstantinopleIstanbul
96%
LeningradSt. Petersburg
91%
PekingBeijing
89%
New AmsterdamNew York City
86%
BombayMumbai
84%
LondiniumLondon
78%
SaigonHo Chi Minh City
73%
TenochtitlanMexico City
71%
EdoTokyo
66%
CalcuttaKolkata
65%
DanzigGdańsk
47%
StalingradVolgograd
45%
LéopoldvilleKinshasa
39%
KönigsbergKaliningrad
35%
CantonGuangzhou
34%
MadrasChennai
32%
RangoonYangon
32%
ChristianiaOslo
28%
BataviaJakarta
27%
SmyrnaIzmir
21%

Score Distribution

Percentile by Number Answered

Percent of People with Each Score

Your Score History

You have not taken this quiz